The Relative Pay for Foreign Work: A Novel Evidence From Home and Host Countries
Mzdové rozdiely medzi prisťahovalcami a domácimi pracovníkmi na trhu práce v rozvojových krajinách. Diskriminácia na trhu práce.
Salvato in:
| Autore principale: | |
|---|---|
| Altri autori: | , |
| Natura: | Capitolo di libro |
| Lingua: | inglese |
| Soggetti: | |
| Tags: |
Nessun Tag, puoi essere il primo ad aggiungerne!!
|
MARC
| LEADER | 00000naa a2200000 4500 | ||
|---|---|---|---|
| 001 | 0299092 | ||
| 005 | 20241121125413.3 | ||
| 041 | 0 | |a eng | |
| 044 | |a NL | ||
| 245 | 1 | 0 | |a The Relative Pay for Foreign Work: A Novel Evidence From Home and Host Countries |c Andrej Cupak, Pavel Ciaian, Kancs d'Artis |
| 520 | |a Mzdové rozdiely medzi prisťahovalcami a domácimi pracovníkmi na trhu práce v rozvojových krajinách. Diskriminácia na trhu práce. | ||
| 610 | 2 | 0 | |a mzdy |
| 610 | 2 | 0 | |a diferenciácia mzdová |
| 610 | 2 | 0 | |a odmeňovanie |
| 610 | 2 | 0 | |a migrácia |
| 610 | 2 | 0 | |a imigrácia |
| 610 | 2 | 0 | |a krajiny rozvojové |
| 610 | 2 | 0 | |a krajiny vyspelé |
| 610 | 2 | 0 | |a trh práce |
| 610 | 2 | 0 | |a produktivita |
| 610 | 2 | 0 | |a porovnanie medzinárodné |
| 610 | 2 | 0 | |a diskriminácia pracovná |
| 610 | 2 | 0 | |a zahraničie |
| 100 | 1 | |a Cupak, Andrej, 1988- | |
| 700 | 1 | |a Ciaian, Pavel | |
| 700 | 1 | |a d'Artis, Kancs | |